000 00247 a2200085 4500
020 _a9788179934579
100 _aAishwarya Tipnis
245 _aVernacular Traditions: contemporary architecture
260 _bThe Energy and Resources Institute, TERI
_c2012
999 _c13394
_d13394